Polymer testing 2nd/ (Record no. 565756)
[ view plain ]
| 000 -LEADER | |
|---|---|
| fixed length control field | 00341nam a2200121Ia 4500 |
| 008 - FIXED-LENGTH DATA ELEMENTS--GENERAL INFORMATION | |
| fixed length control field | 210430s9999 xx 000 0 und d |
| 020 ## - INTERNATIONAL STANDARD BOOK NUMBER | |
| International Standard Book Number | 9781569905487 (hardcover) |
| 082 ## - DEWEY DECIMAL CLASSIFICATION NUMBER | |
| Classification number | 620.1920287 |
| 100 ## - MAIN ENTRY--PERSONAL NAME | |
| Personal name | Grellmann, Wolfgang |
| 9 (RLIN) | 54871 |
| 245 ## - TITLE STATEMENT | |
| Title | Polymer testing 2nd/ |
| Statement of responsibility, etc. | Grellmann, Wolfgang |
| 300 ## - PHYSICAL DESCRIPTION | |
| Extent | xxxiv, 678 pages : |
| 942 ## - ADDED ENTRY ELEMENTS (KOHA) | |
| Koha item type | Reference |
| Source of classification or shelving scheme | |
| Withdrawn status | Lost status | Source of classification or shelving scheme | Damaged status | Not for loan | Permanent Location | Current Location | Shelving location | Date acquired | Total Checkouts | Total Renewals | Full call number | Barcode | Checked out | Date last seen | Date last checked out | Price effective from | Koha item type |
|---|---|---|---|---|---|---|---|---|---|---|---|---|---|---|---|---|---|
| School of Chemical & Materials Engineering (SCME) | School of Chemical & Materials Engineering (SCME) | Reference | 11/16/8 | 1 | 3 | 620.1920287 | SCME-4705 | 05/12/2026 | 10/16/2025 | 10/16/2025 | 04/30/2021 | Book |
